Statistics for Best NBA Point Guards of All-Time

Click here to take the quiz!

General Stats

  • This quiz has been taken 70,425 times
  • The average score is 13 of 19

Answer Stats

#TeamPlayer% Correct
5WarriorsStephen Curry
96%
1LakersMagic Johnson
94%
3LakersJerry West
91%
8SunsSteve Nash
90%
7ClippersChris Paul
88%
14ThunderRussell Westbrook
88%
4JazzJohn Stockton
86%
6PistonsIsiah Thomas
85%
15SpursTony Parker
78%
9NetsJason Kidd
77%
1376ersAllen Iverson
76%
2RoyalsOscar Robertson
71%
12SupersonicsGary Payton
68%
17CelticsDennis Johnson
66%
11CelticsBob Cousy
48%
18PistonsChauncey Billups
44%
10KnicksWalt Frazier
39%
1976ersMaurice Cheeks
16%
16KingsNate Archibald
16%

Score Distribution

Percentile by Number Answered

Percent of People with Each Score

Your Score History

You have not taken this quiz